000 00581nam a2200205Ia 4500
003 OSt
005 20220926001138.0
006 a|||||r|||| 00| 0
007 ta
008 220923b |||||||| |||| 00| 0 eng d
037 _cGeneral Book
040 _aRTL
_cRTL
_beng
041 _2eng
_aeng
082 _aV2, 31p. N62, K2.9 (6-10)
245 0 _aLok Sabha Debates
_b Third session
260 _a New Delhi
_bLok Sabha secretariat
_c1962
300 _a2604p.
_ccm.
942 _hV2, 31p. N62, K2.9 (6-10)
_cGB
_2CC
999 _c600670
_d600670